[Event "30th NATO Chess Championship"]
[Site "Berlin"]
[Date "2019.09.20"]
[Round "7.45"]
[White "Steffers, Hendrik"]
[Black "Millener, Richard"]
[Result "1/2-1/2"]
[WhiteElo "1965"]
[BlackElo "1735"]
[PlyCount "63"]
[EventDate "2019.09.16"]
[EventType "team-tourn"]
[EventRounds "7"]
[EventCountry "GER"]
[WhiteTeam "NED"]
[BlackTeam "ENG"]

1. d4 Nf6 2. Nf3 e6 3. e3 b6 4. Bd3 Bb7 5. Nbd2 d5 6. b3 Nbd7 7. Bb2 c5 8. O-O
cxd4 9. exd4 Be7 10. Re1 O-O 11. Ne5 Re8 12. f4 g6 13. Qf3 Bf8 14. Qh3 Nxe5 15.
fxe5 Nh5 16. Qe3 a6 17. Rf1 Be7 18. Nf3 Ng7 19. Qf4 Rf8 20. Rf2 Nf5 21. Bxf5
exf5 22. Re2 Bc8 23. Rc1 b5 24. h4 Be6 25. c3 Kg7 26. Rcc2 h5 27. Bc1 Rh8 28.
Qg3 Rc8 29. Bg5 Bxg5 30. Nxg5 Qe7 31. Qd3 Rc6 32. Re1 1/2-1/2

[Event "30th NATO Chess Championship"]
[Site "Berlin"]
[Date "2019.09.20"]
[Round "7.46"]
[White "Cappon, Kaan"]
[Black "Ward, James"]
[Result "0-1"]
[WhiteElo "1841"]
[BlackElo "1923"]
[PlyCount "88"]
[EventDate "2019.09.16"]
[EventType "team-tourn"]
[EventRounds "7"]
[EventCountry "GER"]

1. e4 c6 2. d4 d5 3. Nc3 dxe4 4. Nxe4 Bf5 5. Ng3 Bg6 6. Nf3 e6 7. Be2 Nd7 8.
O-O Bd6 9. Re1 Ngf6 10. c3 Qc7 11. Bc4 Nb6 12. Bb3 h5 13. Ng5 O-O-O 14. Bxe6+
fxe6 15. Nxe6 Qd7 16. Nxd8 Qxd8 17. Bg5 Qc7 18. Bh4 Nbd5 19. Nf1 Rf8 20. c4 Nb4
21. Re2 Bd3 22. Re3 Bxc4 23. Bg3 Bxg3 24. Nxg3 Bf7 25. f3 Nbd5 26. Re2 Nf4 27.
Re1 Qb6 28. Qd2 Ne6 29. Nf5 Rd8 30. Rad1 g6 31. Rxe6 Bxe6 32. Ne7+ Kd7 33. Nxg6
Rg8 34. Ne5+ Kc8 35. Qh6 Qd8 36. Qc1 Qd5 37. Qh6 Qd8 38. Qc1 Bh3 39. Nxc6 Rxg2+
40. Kh1 bxc6 41. Qxc6+ Kb8 42. Qb5+ Qb6 43. Qe5+ Qc7 44. f4 Qxe5 0-1

[Event "30th NATO Chess Championship"]
[Site "Berlin"]
[Date "2019.09.20"]
[Round "7.47"]
[White "Demjen, Attila"]
[Black "Rosseel, Kimball"]
[Result "1/2-1/2"]
[WhiteElo "1889"]
[BlackElo "1759"]
[PlyCount "88"]
[EventDate "2019.09.16"]
[EventType "team-tourn"]
[EventRounds "7"]
[EventCountry "GER"]

1. e4 d6 2. d4 Nf6 3. Bd3 g6 4. Ne2 Bg7 5. c3 O-O 6. O-O Na6 7. Bxa6 bxa6 8. f3
c6 9. Be3 Qb6 10. Qd2 Rb8 11. b3 Rd8 12. Na3 a5 13. Rab1 Ba6 14. d5 c5 15. b4
axb4 16. cxb4 Bxe2 17. Qxe2 Qc7 18. bxc5 dxc5 19. Qa6 Rb6 20. Rxb6 Qxb6 21. Qc4
Nd7 22. Rb1 Qa5 23. Nc2 Ne5 24. Qxc5 Qxa2 25. Ra1 Nxf3+ 26. gxf3 Bxa1 27. Nxa1
Qxa1+ 28. Kg2 Qb2+ 29. Kg3 Qb8+ 30. Bf4 Qb7 31. Qc3 Rc8 32. Qe5 f6 33. Qe6+ Kg7
34. h4 h6 35. e5 g5 36. hxg5 hxg5 37. exf6+ exf6 38. Bd6 Rc4 39. Be7 Rf4 40.
Bd6 Rd4 41. Be5 Rxd5 42. Qxf6+ Kh7 43. Qh8+ Kg6 44. Qf6+ Kh7 1/2-1/2

[Event "30th NATO Chess Championship"]
[Site "Berlin"]
[Date "2019.09.20"]
[Round "7.48"]
[White "Ivanovs, Aleksejs"]
[Black "Kocur, Marc"]
[Result "1-0"]
[WhiteElo "1757"]
[BlackElo "1878"]
[PlyCount "29"]
[EventDate "2019.09.16"]
[EventType "team-tourn"]
[EventRounds "7"]
[EventCountry "GER"]
[WhiteTeam "LAT"]
[BlackTeam "BEL"]

1. e4 Nc6 2. Bc4 Nf6 3. Nc3 e6 4. Nf3 Nxe4 5. Bxe6 dxe6 6. Nxe4 Qd5 7. d3 Bb4+
8. c3 Be7 9. O-O h6 10. Re1 O-O 11. Bf4 e5 12. Be3 Bg4 13. h3 Bxf3 14. Qxf3 f5
15. Nf6+ 1-0

[Event "30th NATO Chess Championship"]
[Site "Berlin"]
[Date "2019.09.20"]
[Round "7.49"]
[White "Nelder, Allan"]
[Black "Adolfssen, Rico"]
[Result "1/2-1/2"]
[WhiteElo "1645"]
[BlackElo "1864"]
[PlyCount "30"]
[EventDate "2019.09.16"]
[EventType "team-tourn"]
[EventRounds "7"]
[EventCountry "GER"]
[WhiteTeam "ENG"]
[BlackTeam "DEN"]

1. e4 e6 2. d4 d5 3. e5 c5 4. Qg4 Nc6 5. Nf3 cxd4 6. Bd3 Nge7 7. Bg5 Qa5+ 8.
Nbd2 Ng6 9. Bxg6 hxg6 10. O-O Qc7 11. Rfe1 Bc5 12. Nb3 Bb6 13. Rad1 Bd7 14.
Nbxd4 Nxd4 15. Nxd4 Rc8 1/2-1/2

[Event "30th NATO Chess Championship"]
[Site "Berlin"]
[Date "2019.09.20"]
[Round "7.50"]
[White "Bublys, Vaidotas"]
[Black "Ulusoy, Mustafa"]
[Result "1/2-1/2"]
[WhiteElo "1863"]
[BlackElo "1625"]
[PlyCount "34"]
[EventDate "2019.09.16"]
[EventType "team-tourn"]
[EventRounds "7"]
[EventCountry "GER"]
[WhiteTeam "LTU"]
[BlackTeam "TUR"]

1. c4 g6 2. g3 Bg7 3. Nc3 Nf6 4. Bg2 c6 5. e4 e5 6. d3 O-O 7. Nge2 d6 8. O-O
Be6 9. Qb3 Qc8 10. f4 Bg4 11. Rb1 Nbd7 12. Qc2 Re8 13. h3 Bxe2 14. Qxe2 Qc7 15.
f5 Rad8 16. fxg6 fxg6 17. Be3 a6 1/2-1/2

[Event "30th NATO Chess Championship"]
[Site "Berlin"]
[Date "2019.09.20"]
[Round "7.51"]
[White "Sass, Andrew"]
[Black "Kries, Yvon"]
[Result "1/2-1/2"]
[WhiteElo "1551"]
[BlackElo "1741"]
[PlyCount "131"]
[EventDate "2019.09.16"]
[EventType "team-tourn"]
[EventRounds "7"]
[EventCountry "GER"]

1. c4 f5 2. Nc3 Nf6 3. e3 e6 4. g3 c6 5. Bg2 d5 6. cxd5 cxd5 7. d4 Nbd7 8. Nge2
Be7 9. Nf4 Nb6 10. O-O O-O 11. b3 Bd7 12. a4 Nc8 13. Ba3 Nd6 14. Nd3 b6 15. Ne2
Rc8 16. Ne5 Nf7 17. Bxe7 Qxe7 18. Nxd7 Qxd7 19. f3 Rc7 20. a5 b5 21. b4 a6 22.
Nc1 Qe7 23. Nd3 Nd7 24. Qd2 Nd6 25. Qf2 Nc4 26. Rac1 Rfc8 27. Nf4 Rf8 28. Rfe1
g5 29. Nd3 Rf6 30. Bf1 h5 31. h4 gxh4 32. gxh4 Rg6+ 33. Kh1 Nf6 34. Nf4 Rg7 35.
Bh3 Qd6 36. Nd3 Rce7 37. Rg1 Nd7 38. Rxg7+ Rxg7 39. Rg1 Qe7 40. Rxg7+ Qxg7 41.
e4 Nd6 42. exd5 exd5 43. Qg2 Nc4 44. Qxg7+ Kxg7 45. Bxf5 Nb8 46. Be6 Ne3 47.
Nf4 Nc2 48. Nxh5+ Kh6 49. Nf6 Nxd4 50. Bxd5 Nc2 51. Be6 Nxb4 52. Bc8 N8c6 53.
Nd7 Nxa5 54. Nc5 Nac6 55. Nxa6 Nxa6 56. Bxa6 b4 57. Kg2 b3 58. Bd3 b2 59. f4
Kh5 60. Kf3 Kxh4 61. Ke4 Nb4 62. Bb1 Kg4 63. f5 Kg5 64. Kd4 Nc6+ 65. Kd5 Ne7+
66. Ke6 1/2-1/2

[Event "30th NATO Chess Championship"]
[Site "Berlin"]
[Date "2019.09.20"]
[Round "7.52"]
[White "Gaiducis, Sergejus"]
[Black "Echavarria Hidalgo, Fernando"]
[Result "1-0"]
[WhiteElo "1590"]
[BlackElo "1750"]
[PlyCount "218"]
[EventDate "2019.09.16"]
[EventType "team-tourn"]
[EventRounds "7"]
[EventCountry "GER"]

1. e4 c6 2. Nc3 d5 3. exd5 cxd5 4. d4 Nf6 5. Nf3 Bf5 6. Bd3 Bxd3 7. Qxd3 e6 8.
a3 Nc6 9. Bg5 Be7 10. O-O h6 11. Be3 O-O 12. Ne2 Rc8 13. Ng3 Bd6 14. Qd2 Ng4
15. Bf4 Bxf4 16. Qxf4 Nf6 17. c3 Qc7 18. Ne5 Nxe5 19. dxe5 Nd7 20. Rae1 f6 21.
Qg4 f5 22. Qd4 Qb6 23. Ne2 Qa5 24. Nf4 Rc4 25. Qd2 Kf7 26. Nd3 Re4 27. Rxe4
dxe4 28. Nf4 Nxe5 29. Qd6 Re8 30. b4 Qb5 31. a4 Qxa4 32. Qxe5 g6 33. Qa5 Qc6
34. Qxa7 Qxc3 35. Qxb7+ Re7 36. Qb5 e3 37. Qc5 exf2+ 38. Rxf2 Qe1+ 39. Rf1 Qd2
40. b5 Rd7 41. Nh3 Qb2 42. b6 Rb7 43. Re1 Qxb6 44. Qxb6 Rxb6 45. Nf4 Rd6 46.
Kf2 Kf6 47. Re2 e5 48. Nh3 g5 49. Ng1 e4 50. Rc2 f4 51. Ne2 e3+ 52. Ke1 Ra6 53.
Rc1 Rd6 54. Nc3 Kf5 55. Ne2 Rd5 56. h3 g4 57. Rc4 gxh3 58. Rxf4+ Kg5 59. gxh3
Ra5 60. Rg4+ Kf6 61. Kf1 Ra1+ 62. Kg2 h5 63. Re4 Ra3 64. Kf3 Kg5 65. Kg3 Kf5
66. Rf4+ Kg5 67. h4+ Kg6 68. Re4 Kf5 69. Kf3 Rd3 70. Ng3+ Kg6 71. Kf4 Ra3 72.
Re6+ Kf7 73. Re5 Ra4+ 74. Re4 Rxe4+ 75. Kxe4 e2 76. Nxe2 Kf6 77. Ng3 Kg6 78.
Ke5 Kh6 79. Kf6 Kh7 80. Kg5 Kg7 81. Nf5+ Kh7 82. Ne7 Kg7 83. Nd5 Kh7 84. Nc7
Kh8 85. Kf5 Kg7 86. Kg5 Kh8 87. Kxh5 Kg7 88. Ne8+ Kh7 89. Kg5 Kh8 90. Nc7 Kg7
91. Ne6+ Kh8 92. Nf4 Kh7 93. Ng6 Kg7 94. Nf4 Kh7 95. Nh5 Kh8 96. Kg6 Kg8 97.
Nf4 Kh8 98. h5 Kg8 99. Kg5 Kh7 100. Ng6 Kg7 101. Ne5 Kh7 102. Nf7 Kg7 103. Ne5
Kh7 104. Ng6 Kg7 105. h6+ Kh7 106. Kh5 Kg8 107. Ne7+ Kh7 108. Kg5 Kh8 109. Nd5
Kh7 1-0

[Event "30th NATO Chess Championship"]
[Site "Berlin"]
[Date "2019.09.20"]
[Round "7.53"]
[White "Langer, Herb"]
[Black "Noviks, Maris"]
[Result "1/2-1/2"]
[WhiteElo "1751"]
[BlackElo "1905"]
[PlyCount "61"]
[EventDate "2019.09.16"]
[EventType "team-tourn"]
[EventRounds "7"]
[EventCountry "GER"]
[WhiteTeam "CAN"]
[BlackTeam "LAT"]

1. c4 e6 2. g3 Nf6 3. Bg2 Be7 4. Nc3 c6 5. e4 d5 6. cxd5 cxd5 7. e5 Nfd7 8. d4
Nc6 9. Nge2 Qb6 10. a3 Na5 11. O-O O-O 12. b4 Nc4 13. Na4 Qd8 14. Nb2 Ndb6 15.
Nxc4 Nxc4 16. Nc3 Bd7 17. Na4 Bxa4 18. Qxa4 a6 19. Rd1 b5 20. Qb3 Qd7 21. Be3
Rfc8 22. Rac1 Rc7 23. Bf1 Rac8 24. Be2 Rc6 25. h4 R8c7 26. Bf4 Qc8 27. Bxc4
Rxc4 28. Rxc4 Rxc4 29. Be3 Qc6 30. Qb2 Rc2 31. Rc1 1/2-1/2

[Event "30th NATO Chess Championship"]
[Site "Berlin"]
[Date "2019.09.20"]
[Round "7.54"]
[White "Smit, Jan"]
[Black "Landry-Girard, Simon"]
[Result "1-0"]
[WhiteElo "1808"]
[BlackElo "1096"]
[PlyCount "99"]
[EventDate "2019.09.16"]
[EventType "team-tourn"]
[EventRounds "7"]
[EventCountry "GER"]

1. d4 d5 2. Nf3 Nf6 3. Bg5 Nc6 4. Nbd2 e6 5. e3 Be7 6. c3 a6 7. Bd3 O-O 8. a4
h6 9. Bh4 Bd7 10. b4 Ne8 11. Bxe7 Nxe7 12. O-O Nd6 13. Qe2 c6 14. Bc2 Ne8 15.
Ne5 Nf6 16. f4 b6 17. Rf3 a5 18. g4 g5 19. fxg5 hxg5 20. Rxf6 axb4 21. Qd3 Kg7
22. Raf1 Nf5 23. Rxf7+ Rxf7 24. Nxf7 Kxf7 25. gxf5 exf5 26. Nf3 Kf6 27. cxb4
Qe7 28. Ne5 Qe6 29. Nxd7+ Qxd7 30. Rxf5+ Ke6 31. Re5+ Kd6 32. Qg6+ Kc7 33. Qxg5
Re8 34. Rxe8 Qxe8 35. Qe5+ Qxe5 36. dxe5 Kd7 37. Bf5+ Ke7 38. h4 c5 39. bxc5
bxc5 40. a5 c4 41. a6 c3 42. a7 c2 43. Bxc2 Ke6 44. a8=Q Kxe5 45. Qa1+ Kd6 46.
h5 d4 47. Qxd4+ Ke6 48. h6 Kf7 49. Qa7+ Kg8 50. Qg7# 1-0

[Event "30th NATO Chess Championship"]
[Site "Berlin"]
[Date "2019.09.20"]
[Round "7.55"]
[White "Ntalabiras, Spyros"]
[Black "Murray, Brian"]
[Result "1-0"]
[WhiteElo "1806"]
[BlackElo "1491"]
[PlyCount "65"]
[EventDate "2019.09.16"]
[EventType "team-tourn"]
[EventRounds "7"]
[EventCountry "GER"]
[WhiteTeam "GRE"]
[BlackTeam "CAN"]

1. e4 d6 2. d4 c6 3. c4 Nf6 4. Nc3 Nbd7 5. Bd3 e5 6. d5 Be7 7. Nge2 O-O 8. O-O
Re8 9. Ng3 Nf8 10. h3 a6 11. a4 Ng6 12. Nce2 Nh4 13. Bg5 Ng6 14. Qd2 h6 15. Be3
Nh7 16. f4 Rf8 17. Rf2 Nf6 18. a5 Kh7 19. Bb6 Qd7 20. Nf5 Ng8 21. Raf1 c5 22.
Nxe7 Qxe7 23. f5 Nh4 24. g3 Qg5 25. Qxg5 hxg5 26. gxh4 gxh4 27. Bc7 Bd7 28.
Bxd6 Rfc8 29. Bxe5 Re8 30. Bc3 f6 31. Nf4 Ne7 32. Ne6 Rg8 33. Rf4 1-0

[Event "30th NATO Chess Championship"]
[Site "Berlin"]
[Date "2019.09.20"]
[Round "7.56"]
[White "O`Byrne, Daniel"]
[Black "Ghiacy, Jelani"]
[Result "1-0"]
[WhiteElo "1659"]
[BlackElo "1238"]
[PlyCount "41"]
[EventDate "2019.09.16"]
[EventType "team-tourn"]
[EventRounds "7"]
[EventCountry "GER"]
[WhiteTeam "ENG"]
[BlackTeam "CAN"]

1. e4 e5 2. Nc3 Nf6 3. f4 Nc6 4. fxe5 Nxe5 5. d4 Nc6 6. e5 Ng8 7. Nf3 Bb4 8.
Bc4 Nge7 9. O-O O-O 10. Ng5 h6 11. Nxf7 Rxf7 12. Rxf7 Kh8 13. Qf3 Ng6 14. Qf5
Nce7 15. Qh5 d5 16. Nxd5 Be6 17. Rxg7 Kxg7 18. Qxh6+ Kg8 19. Nf6+ Kf7 20. Qh7+
Kf8 21. Bh6# 1-0

[Event "30th NATO Chess Championship"]
[Site "Berlin"]
[Date "2019.09.20"]
[Round "7.57"]
[White "Tremblay, Mario"]
[Black "Stuhr, Finn"]
[Result "0-1"]
[WhiteElo "1652"]
[BlackElo "1698"]
[PlyCount "26"]
[EventDate "2019.09.16"]
[EventType "team-tourn"]
[EventRounds "7"]
[EventCountry "GER"]
[WhiteTeam "CAN"]
[BlackTeam "DEN"]

1. e4 e5 2. Nf3 Nc6 3. d4 exd4 4. Bc4 Bc5 5. O-O d6 6. Ng5 Ne5 7. Bb3 h6 8. Qh5
g6 9. Nxf7 gxh5 10. Nxd8 Kxd8 11. Bxg8 Rxg8 12. Bxh6 Bh3 13. g3 Nf3+ 0-1